Planning permission - how to get it (Record no. 85425)

MARC details
000 -LEADER
fixed length control field 01394cam a2200301 4500
008 - FIXED-LENGTH DATA ELEMENTS--GENERAL INFORMATION
fixed length control field #DATE n2003 000 0 eng u
020 ## - INTERNATIONAL STANDARD BOOK NUMBER
International Standard Book Number 1904388043
035 ## - SYSTEM CONTROL NUMBER
System control number (Sirsi) u122557
050 ## - LIBRARY OF CONGRESS CALL NUMBER
Classification number 711.1
-- 18
100 ## - MAIN ENTRY--PERSONAL NAME
Personal name Warner, Andrew
245 ## - TITLE STATEMENT
Title Planning permission - how to get it
Remainder of title a CPD study pack
260 ## - PUBLICATION, DISTRIBUTION, ETC.
Place of publication, distribution, etc. Reading
Name of publisher, distributor, etc. College of Estate Management
Date of publication, distribution, etc. 2003
300 ## - PHYSICAL DESCRIPTION
Extent 28p.
Dimensions 30cm. + 1 audio cassette (ca. 60 min.)
350 ## - PRICE (NR) (BK AM CF MU VM SE) [OBSOLETE]
Price 35.50
490 ## - SERIES STATEMENT
Series statement College of Estate Management CPD Study Pack
520 ## - SUMMARY, ETC.
Summary, etc. Second edition of this CPD study pack considering the need for planning permission, pre-application considerations and submitting applications, the role of the planning authority in the planning application process, and how applications can appeal.
520 ## - SUMMARY, ETC.
Summary, etc. Includes the Owlion Audio Presentation "The planning framework and how to obtain planning permission" which is available to borrow separately (J84322).
520 ## - SUMMARY, ETC.
Summary, etc. Supersedes first edition (ISBN 1899769471).
520 ## - SUMMARY, ETC.
Summary, etc. WITHDRAWN BY COLLEGE OF ESTATE MANAGEMENT IN 2005 (OUT OF DATE)
650 ## - SUBJECT ADDED ENTRY--TOPICAL TERM
Topical term or geographic name entry element GENERAL PERMITTED DEVELOPMENT ORDER
650 ## - SUBJECT ADDED ENTRY--TOPICAL TERM
Topical term or geographic name entry element PLANNING APPEALS
650 ## - SUBJECT ADDED ENTRY--TOPICAL TERM
Topical term or geographic name entry element PLANNING APPLICATIONS
650 ## - SUBJECT ADDED ENTRY--TOPICAL TERM
Topical term or geographic name entry element PLANNING PERMISSION
650 ## - SUBJECT ADDED ENTRY--TOPICAL TERM
Topical term or geographic name entry element TOWN AND COUNTRY PLANNING ACT 1990 S55
690 ## - LOCAL SUBJECT ADDED ENTRY--TOPICAL TERM (OCLC, RLIN)
Topical term or geographic name as entry element PLANNING LAW AND PRACTICE
710 ## - ADDED ENTRY--CORPORATE NAME
Corporate name or jurisdiction name as entry element College of Estate Management
9 (RLIN) 400
942 ## - ADDED ENTRY ELEMENTS (KOHA)
Suppress in OPAC 0
Holdings
Withdrawn status Lost status Source of classification or shelving scheme Damaged status Not for loan Home library Current library Shelving location Date acquired Cost, normal purchase price Total Checkouts Full call number Barcode Date last seen Date last checked out Copy number Cost, replacement price Price effective from Koha item type
    Dewey Decimal Classification     London London Basement 19/08/2003 41.71 23 SHELF 330 30067640 06/08/2019 06/02/2006 7 41.71 06/08/2019 Audio
    Dewey Decimal Classification     London London Basement 25/05/2005   11 SHELF 330 30067516 06/08/2019 08/10/2007 8   06/08/2019 Audio